000 03223nam a22004097a 4500
005 20120106101330.0
010 _aENG-104615 B-489031-042
020 _a9789380009353
_c199.00
020 _a9380009356
_c199.00
035 _aEN-88148 B-489031-042
037 _bDBAD/PUB
037 _bStar Pub/Ven
082 _a158.1
100 _aAggarwal, Rajesh
_955333
245 _aThe 7 keys to prosperity and success /
_cby Rajesh Aggarwal ; foreworded by Peter Andrew Sacco
_h
246 _aSeven keys to prosperity and success
260 _aNew Delhi
_bReadworthy Publications
_c2009
270 _a4735/22, Prakash Deep Building. Ground Floor, Ansari Road, Darya Ganj
_bNew Delhi
_e110002
300 _a150p. :
_c22cm(pbk)
_bill.
650 _aSuccess
_955334
650 _aSelf-culture
_955335
942 _2ddc
_cEN
_h158.1
_mAGG
999 _c60408
_d60408